Skibidi Toilet Characters Picture(Part 3) - Statistics

General Stats
  • This quiz has been taken 7 times
  • The average score is 12 of 16
Answer Stats
Picture Answer % Correct
Camera Strider
100%
Chief Clockman
100%
Drillwoman
100%
Mothership Astro Toilet
100%
Samurai Cameraman
100%
Assassin Drillman
80%
Counter Titan
80%
Elite Cameraman
80%
Executioner Speakerman (Executor Speakerman)
80%
Future Large Clockman
80%
Large Clockman
80%
Scout Astro Toilet
80%
Sonar Titan
80%
Ravager Toilet
40%
Sinister Titan Clockman
40%
Uber Dreadnought
20%
No matching quizzes found
Score Distribution
Percent of People with Each Score
Percentile by Number Answered
Your Score History
You have not taken this quiz